Physical Chemistry through problems (Record no. 8760)

MARC details
000 -LEADER
fixed length control field 00467nam a22001817a 4500
003 - CONTROL NUMBER IDENTIFIER
control field OSt
005 - DATE AND TIME OF LATEST TRANSACTION
control field 20240624151419.0
008 - FIXED-LENGTH DATA ELEMENTS--GENERAL INFORMATION
fixed length control field 240624b |||||||| |||| 00| 0 eng d
020 ## - INTERNATIONAL STANDARD BOOK NUMBER
International Standard Book Number 0852261721
040 ## - CATALOGING SOURCE
Transcribing agency MUST
082 ## - DEWEY DECIMAL CLASSIFICATION NUMBER
Classification number 541.3 DOG 1991
100 ## - MAIN ENTRY--PERSONAL NAME
Relator code Dogra S.R
245 ## - TITLE STATEMENT
Title Physical Chemistry through problems
260 ## - PUBLICATION, DISTRIBUTION, ETC. (IMPRINT)
Place of publication, distribution, etc. New Delhi
Name of publisher, distributor, etc. :Wiley Eastern limited
Date of publication, distribution, etc. 1991
300 ## - PHYSICAL DESCRIPTION
Extent viii,674p.
Other physical details : ill
Dimensions ; 23 cm
504 ## - BIBLIOGRAPHY, ETC. NOTE
Bibliography, etc includes index
942 ## - ADDED ENTRY ELEMENTS (KOHA)
Source of classification or shelving scheme Dewey Decimal Classification
Koha item type Open Shelf
Holdings
Withdrawn status Lost status Source of classification or shelving scheme Damaged status Not for loan Home library Current library Date acquired Source of acquisition Inventory number Total Checkouts Full call number Barcode Date last seen Price effective from Koha item type
    Dewey Decimal Classification     MUST Main Library MUST Main Library 24/06/2024 Purchase 98/11927   541.3 DOG 1991 2024-21128 24/06/2024 24/06/2024 Open Shelf